Inflation and investment controls in China : (Record no. 2142)
[ view plain ]
| 000 -LEADER | |
|---|---|
| fixed length control field | 01415nac a22002771u 4500 |
| 010 ## - LIBRARY OF CONGRESS CONTROL NUMBER | |
| LC control number | 95033092 |
| 020 ## - INTERNATIONAL STANDARD BOOK NUMBER | |
| International Standard Book Number | 0521554837 |
| 022 ## - INTERNATIONAL STANDARD SERIAL NUMBER | |
| International Standard Serial Number | 0521665736 |
| 082 00 - DEWEY DECIMAL CLASSIFICATION NUMBER | |
| Classification number | 336.30951 |
| Item number | H8604 |
| 090 ## - LOCALLY ASSIGNED LC-TYPE CALL NUMBER (OCLC); LOCAL CALL NUMBER (OCLC) | |
| -- | 2142 |
| -- | 2142 |
| 100 ## - MAIN ENTRY--PERSONAL NAME | |
| Personal name | Huang, Yasheng. |
| 245 10 - TITLE STATEMENT | |
| Title | Inflation and investment controls in China : |
| Remainder of title | the political economy of central-local relations during the reform era / |
| Statement of responsibility, etc | Yasheng Huang. |
| 260 ## - PUBLICATION, DISTRIBUTION, ETC. (IMPRINT) | |
| Place of publication, distribution, etc | Cambridge [England] ; |
| -- | New York, NY, USA : |
| Name of publisher, distributor, etc | Cambridge University Press,1996 |
| Date of publication, distribution, etc | 1996. |
| 300 ## - PHYSICAL DESCRIPTION | |
| Extent | xviii, 371 p. : |
| Other physical details | ill. ; |
| Dimensions | 23 cm. |
| 500 ## - GENERAL NOTE | |
| General note | Partially based on the author's Ph.D. dissertation written between 1989-1991 in the Government Dept., Harvard University--P. xiii |
| 504 ## - BIBLIOGRAPHY, ETC. NOTE | |
| Bibliography, etc | Includes bibliographical references (p. 331-358) and indexes. |
| 650 #0 - SUBJECT ADDED ENTRY--TOPICAL TERM | |
| Topical term or geographic name as entry element | Anti-inflationary policies |
| Geographic subdivision | China. |
| 650 #0 - SUBJECT ADDED ENTRY--TOPICAL TERM | |
| Topical term or geographic name as entry element | Fiscal policy |
| Geographic subdivision | China. |
| 650 #0 - SUBJECT ADDED ENTRY--TOPICAL TERM | |
| Topical term or geographic name as entry element | Intergovernmental fiscal relations |
| Geographic subdivision | China. |
| 650 #0 - SUBJECT ADDED ENTRY--TOPICAL TERM | |
| Topical term or geographic name as entry element | Investments |
| General subdivision | Government policy |
| Geographic subdivision | China. |
| 651 #0 - SUBJECT ADDED ENTRY--GEOGRAPHIC NAME | |
| Geographic name | China |
| General subdivision | Economic conditions |
| Chronological subdivision | 1976-2000 |
| General subdivision | Regional disparities. |
| 856 42 - ELECTRONIC LOCATION AND ACCESS | |
| Materials specified | Publisher description |
| Uniform Resource Identifier | <a href="http://www.loc.gov/catdir/description/cam027/95033092.html">http://www.loc.gov/catdir/description/cam027/95033092.html</a> |
| 856 42 - ELECTRONIC LOCATION AND ACCESS | |
| Materials specified | Table of contents |
| Uniform Resource Identifier | <a href="http://www.loc.gov/catdir/toc/cam026/95033092.html">http://www.loc.gov/catdir/toc/cam026/95033092.html</a> |
| 942 ## - ADDED ENTRY ELEMENTS (KOHA) | |
| Item type | Book - Borrowing |
| Call number prefix | 336.30951H8604 |
| Withdrawn status | Item status | Damaged status | Not for loan | Home library | Current library | Shelving location | Date acquired | Source of acquisition | Total Checkouts | Total Renewals | Full call number | Barcode | Date last seen | Date last borrowed | Cost, replacement price | Koha item type |
|---|---|---|---|---|---|---|---|---|---|---|---|---|---|---|---|---|
| Central Library | Central Library | First floor | 07/02/2012 | Purchase | 5 | 42 | 336.30951 HUA | 000002224 | 15/07/2025 | 15/04/2018 | 104.40 | Book - Borrowing |